|
|
|
|
| LEADER |
00997nam a22002057a 4500 |
| 008 |
141015b xxu||||| |||| 00| 0 eng d |
| 020 |
|
|
|a 9788183189859
|
| 082 |
|
|
|a 808.066 SAJ
|
| 100 |
|
|
|a Sajitha Jayaprakash
|
| 245 |
|
|
|a Technical writing /
|c Sajitha Jayaprakash
|
| 250 |
|
|
|b reprint
|
| 260 |
|
|
|a Mumbai :
|c 2009.
|b Himalaya Publishing House,
|
| 300 |
|
|
|a 561p.
|
| 650 |
|
|
|a Technical writing
|
| 650 |
|
|
|a Writing
|
| 942 |
|
|
|2 ddc
|c BK
|
| 999 |
|
|
|c 13040
|d 13040
|
| 952 |
|
|
|0 0
|1 0
|2 ddc
|4 0
|6 808_066000000000000_SAJ
|7 0
|9 18652
|a MAIN
|b MAIN
|d 2015-11-19
|e Mathrubhumi Books
|g 1450.00
|l 7
|m 3
|o 808.066 SAJ
|p 19033
|r 2019-10-28
|s 2019-09-17
|t 1
|w 2015-11-19
|y BK
|
| 952 |
|
|
|0 0
|1 0
|2 ddc
|4 0
|6 808_066000000000000_SAJ
|7 0
|9 18653
|a MAIN
|b MAIN
|d 2015-11-19
|e Mathrubhumi Books
|g 1450.00
|l 7
|m 2
|o 808.066 SAJ
|p 19034
|r 2018-12-29
|s 2018-12-07
|w 2015-11-19
|y BK
|
| 952 |
|
|
|0 0
|1 0
|2 ddc
|4 0
|6 808_066000000000000_SAJ
|7 0
|9 18654
|a MAIN
|b MAIN
|d 2015-11-19
|e Mathrubhumi Books
|g 1450.00
|l 12
|m 6
|o 808.066 SAJ
|p 19035
|r 2020-11-24
|s 2020-09-24
|w 2015-11-19
|y BK
|